Understanding psychology / (Record no. 3919)

MARC details
000 -LEADER
fixed length control field 01289cam a2200181 a 4500
020 ## - INTERNATIONAL STANDARD BOOK NUMBER
ISBN 007021249X (alk. paper)
022 ## - INTERNATIONAL STANDARD SERIAL NUMBER
ISSN 9780070212497
050 00 - CALL NUMBER
Classification number BF121
Item number .F34
100 1# - AUTHOR
Personal name Feldman, Robert S.
245 10 - TITLE
Title Understanding psychology /
Statement of responsibility, etc Robert S. Feldman.
250 ## - EDITION
Edition statement 4th ed.
260 ## - PUBLICATION INFORMATION
Place of publication New York :
Name of publisher McGraw-Hill,
Year of publication c1996.
300 ## - DESCRIPTION
Number of Pages xxx, 754 p. :
Other physical details ill. (some col.) ;
Dimensions 29 cm.
500 ## - NOTES
General note Includes bibliographical references and index
505 ## - FORMATTED CONTENTS NOTE
Table of Content 1. Introduction to Psychology ---<br/>2. Research methods ---<br/>3. The Biology Underlying Behavior ---<br/>4. Sensation and ---<br/>5. Perception ---<br/>6. States of Consciousness ---<br/>7. Learning ---<br/>8. Memory ---<br/>9. Cognition and Language ---<br/>10. Intelligence ---<br/>11. Motivation and Emotion ---<br/>12. Gender and Sexuality ---<br/>13. Development: The Beginnings of Life ---<br/>14. Development: Adolescence to the End of Life ---<br/>15. Personality ---<br/>16. Health Psychology: Stress, Coping, and Health ---<br/>17. Abnormal Behavior ---<br/>18. Treatment of Abnormal Behavior ---<br/>19. Social Psychology: Attitudes and Social Cognition ---<br/>20. Social Influence and Interaction ---<br/>21. Consumer and Industrial-Organizational Psychology ----<br/>Appendix: Going by the Numbers: Statistics in Psychology.
650 #0 - SUBJECTS
Topical Term Psychology
942 ## - ADDED ENTRY ELEMENTS (KOHA)
Koha item type Books
Holdings
Withdrawn status Lost status Home library Current library Shelving location Date acquired Full call number Accession Number Koha item type
    Methodist University Library Main Methodist University Library Main General Stacks 07/12/1999 BF121 .F34 16284 Books
    Methodist University Library Main Methodist University Library Main General Stacks 07/12/1999 BF121 .F34 16283 Books
    Methodist University Library Main Methodist University Library Main General Stacks 07/12/1999 BF121 .F34 16287 Books
    Methodist University Library Wenchi Faculty Methodist University Library Wenchi Faculty   17/04/2019 BF121 .F34 6274 Books
    Methodist University Library Wenchi Faculty Methodist University Library Wenchi Faculty   17/04/2019 BF121 .F34 16281 Books
    Methodist University Library Wenchi Faculty Methodist University Library Wenchi Faculty   17/04/2019 BF121 .F34 15644 Books
Copyright © 2026  MUG Library